00977nam a2200217 a 450000100100000000500170001000800410002704000250006810000280009324000610012124501450018226000910032730000280041850000210044670000260046770000240049304900090051795201110052695201050063799900170074200003639120200930075715.0120116s1971 ag 000 0 spa d aDO-SdBNPbspacBNPHU1 aEspich, James E.96258810aDeveloping programmed instructional materialslespañol10aComo preparar temas con instrucción programada :bmanual para programadores /cJames E. Espich ; Bill Williams ; traducción Luisa Kohen. aBuenos Aires :bCentro Regional de Ayuda TécnicabLibrería de las Naciones,c1971. a153 p. :bil. ;c22 cm. aIncluye índice12aWilliams, Bill96258912aKohen, Luisa962590 aBNPD 001050718MOaGRbGRcCTd2012-01-16iLF1l0o p36392-10r2020-06-25te. 2w2020-06-25y1ZNo se presta 001050718MOaGRbGRcCTd2012-01-16iLF1l0o p36392-20r2020-06-25w2020-06-25y1ZNo se presta c35882d35882